Geographies of food and power (Record no. 1224555)

MARC details
000 -LEADER
fixed length control field 00596nam a2200217Ia 4500
005 - DATE AND TIME OF LATEST TRANSACTION
control field 20241129104130.0
008 - FIXED-LENGTH DATA ELEMENTS--GENERAL INFORMATION
fixed length control field 241129s9999||||xx |||||||||||||| ||und||
020 ## - INTERNATIONAL STANDARD BOOK NUMBER
International Standard Book Number 9780367747664
037 ## - SOURCE OF ACQUISITION
Stock number Textual
040 ## - CATALOGING SOURCE
Original cataloging agency RTL
Language of cataloging eng
Transcribing agency RTL
041 ## - LANGUAGE CODE
Language code of text/sound track or separate title eng
Source of code eng
084 ## - COLON CLASSIFICATION NUMBER
Classification number U47:(J3) R3
Assigning agency RTL
100 ## - MAIN ENTRY--PERSONAL NAME
Personal name Trauger Amy
9 (RLIN) 324601
245 #0 - TITLE STATEMENT
Title Geographies of food and power
Statement of responsibility, etc. Trauger Amy
260 ## - PUBLICATION, DISTRIBUTION, ETC.
Place of publication, distribution, etc. New York
Name of publisher, distributor, etc. Routledge
Date of publication, distribution, etc. 2023
300 ## - PHYSICAL DESCRIPTION
Extent ix,199p.
365 ## - TRADE PRICE
Price type code INR
Price amount 3357.39
650 ## - SUBJECT ADDED ENTRY--TOPICAL TERM
Topical term or geographic name entry element Food Geographies
9 (RLIN) 724910
942 ## - ADDED ENTRY ELEMENTS (KOHA)
Koha item type Textbook
Classification part U47:(J3) R3
Holdings
Withdrawn status Lost status Damaged status Not for loan Home library Current library Date acquired Source of acquisition Cost, normal purchase price Inventory number Total Checkouts Full call number Barcode Date last seen Price effective from Koha item type
        Ratan Tata Library Ratan Tata Library 2024-11-29 Classic Book Service 3357.39 153 & 03/02/2023   U47:(J3) R3 RT1502491 2024-11-29 2024-11-29 Textbook
Copyright @ Delhi University Library System